00314nam a2200133Ia 450000500170000000800410001702000150005808200130007310000170008624500160010326000310011930000120015065000180016220250703152140.0240331s9999 xx 000 0 und d a9559538209 bBALa891 aBalasuriya,S 0aKaraththaya bAuthor's Publicationc1991 a94 p ., aSinhala Story